MDQL
is popping MORE tags! Check the
thread
!
Quizzes
Events
Quiz Creation
Community
Videos
Private Events
Remove Ads
Sign In
Join for FREE
Feedback
Dark Mode
Quiz Categories
Sports
Geography
Music
Movies
Television
Just For Fun
Miscellaneous
History
Literature
Language
Science
Gaming
Entertainment
Religion
Holiday
For Kids
Quiz Lab
Recent
Popular Today
Quiz Kudos Today
Editor Picks
Curator Picks
Quizzes by...
Day
Popularity
Type
Ratings
Length
Year
Community
Subscriptions
Recent Discussions
Orange Saloon
Badges
Playlists
Quests
Create
Leaderboards
Showdown
Live 5
Trivia Bingo
Activity
Puzzle Library
Sporcle Events
Private Events
Virtual Trivia
Globe League
Become a Host
Pub Owners
SporcleCon
Opinionation
Our Games
Videos
Blog
Mobile Apps
Partnerships
Remove Ads and Go Orange
Feedback
Science
Computer
Plants
Astronomy
Chemistry
Elements
Math
Animal
Physics
Anatomy
Biology
Geology
General Science
Science
Computer
Plants
Astronomy
Chemistry
Elements
Math
Animal
Physics
Anatomy
Biology
Geology
General Science
Random Quiz
Search Sporcle
×
Quiz Lab
Quiz Lab
Science
2017
Type in answers that appear in a list
Type in answers that appear in a list
Classic
Best Score? Go Orange.
Electrolyte Disturbances FA 2017 Stats
Can you name the Electrolyte Disturbances FA 2017?
By
daniellee703
10m
10 Questions
20 Plays
20 Plays
20 Plays
Comments
Comments
Give Quiz Kudos
Give Quiz Kudos
-
- Ratings
hide this ad
Forced Order
Answers have to be entered in order
Answers have to be entered in order
Random Order
Randomize order of answers
Randomize order of answers
Replay
Link that replays current quiz
Next Quiz
Link to next quiz in quiz playlist
You Got
0%
They Got
Avg Score
62%
Avg Friend Score
Upgrade to see
Score Distribution
Jump to the score distribution portion of the page
Score
0/10
Timer
10:00
0
Plays Today
Hint
Answer
% Correct
U wave and Flattened T wave; arrhythmia, muscle cramp, spasm, weakness
Hypokalemia
85%
Wide QRS, peaked T, arrhythmia, muscle weakness
Hyperkalemia
80%
Renal Stone, bone pain, abdominal pain, increased urinary frequency, anxiety/
altered mental status
Hypercalcemia
80%
Nausea, malaise, stupor, coma, seizures
Hyponatremia
70%
Tetany, QT prolongation, twitching, spasm
Hypocalcemia
65%
Irritability, coma, stupor
Hypernatremia
65%
Renal stones, metaststic calcificaitons, hypocalcemia
Hyperphosphatemia
60%
Bone loss, osteomalacia
Hypophosphatemia
55%
Tetany, torsades, hypoK, hypocalcemia
Hypomagnesium
35%
Decreased DTR; lethagy, bradycardia, hypotension, hypocalcemia
Hypermagnesium
30%
Quiz Playlist
Details
Report
Send in Message
Add To Playlist
Classic:
Type in answers that appear in a list
Forced Order:
Answers have to be entered in order
Random Order:
Randomize order of answers
Last Updated: Jun 7, 2017
Quiz Scoreboard
CHALLENGE
Sign Up to Join the Scoreboard
Show All
Scores
Hide
Comments
May contain spoilers
Recently Published
Holiday 10x10 Sorting Gallery
by lukepisani3
Holiday
15m
Two Season TV Shows II
by 123Four
Television
10m
Image Sorting: Flags VI
by Barbecue
Geography
2m
More to Explore
Quiz From the Vault
Featured Blog Post
14 Easter Pick-up Lines to Find Eggs With
hide this ad
You Might Also Like...
Tags
2017
Today's Top Quizzes in Science
Browse Science
hide this ad
Today's Top Quizzes in 2017
Browse 2017
Top Contributed Quizzes in Science
1
Mitosis Sporcle for Escape Room
2
Windmill: Elements
3
DNA Speed Challenge For Breakout Box
4
200 Vogels in Nederland
5
Elements In Images
6
Glycolysis
7
Quick Pick: 'CI-CJ' Animals
8
Astronomy Spelling Bee
9
perfect squares 1-25
10
Periodic Table of Elements by Abbreviations
Explore More
Trending Topics
Crossword
Kpop
Harry Potter
NBA
Marvel
Anime
Disney
Pokémon
The Office
WWE
Puzzle
NFL
Country
Soccer
Song
hide this ad
More By:
daniellee703
Quiz
Plays
Rating
Category
Featured
Created
Landmark Dermatomes
740
Science
Jun 5, 2017
Embryologic Derivatives
227
Science
May 19, 2017
Cranial Nerve Fossa
108
Science
May 21, 2017
Leukemia/Lymphoma Tumor Markers
99
Science
Jun 9, 2017
HLA Subtypes: FA 2017
77
Science
May 20, 2017
Go to Creator's Profile
Score Distribution
Quiz Creator Spotlight
daniellee703
Follow
Send a Message
Quizzes Created
-
Created Quiz Play Count
-
More By This Creator
Popular Quizzes Today
1
Find the US States - No Outlines Minefield
2
Colored Red Africa Blitz
3
Find the 'City' Movie
4
The Countries of the World
5
5x2 Blitz: Bands
6
Find the US States
7
Find the Countries of Europe - No Outlines Minefield
8
US States
More Science Quizzes
Actinide Elements
Published
Trending Quizzes
Colored Red Europe Blitz I
Colored Red Europe Blitz II
Colored Red Africa Blitz II
Colored Red Europe Blitz III
Colored Red Africa Blitz III
Recently Updated
Odd Team Out - Big 4 Players
pecheneg
Quick Pick: 20 Twenties
pecheneg
March Madness Men's Triple Doubles
pecheneg
How Do You Spell That?
pecheneg
Godzilla Movies
pecheneg
Grab Bag: 4-10 Letters
pecheneg
2024 March Madness Bracket
pecheneg
Famous TV Couples
Peacemaker
Champions League XIs: Real Madrid
pecheneg
Largest US Cities 1790-2010
pecheneg
Trending Topics
Anime
Kpop
Crossword
Marvel
Disney
NBA
Harry Potter
Country
NFL
WWE
Puzzle
Soccer
Pokémon
Song
The Office
Your Account Isn't Verified!
In order to create a playlist on Sporcle, you need to verify the email address you used during registration. Go to your
Sporcle Settings
to finish the process.
Report this User
Report this user for behavior that violates our
Community Guidelines
.
Details:
Send Report
Go to the Sporcle.com Mobile Site →
Comments